000 00669nam a2200229Ia 4500
003 OSt
005 20220923220946.0
006 a|||||r|||| 00| 0
007 ta
008 220922b |||||||| |||| 00| 0 hin d
024 _a192,783
037 _cTextual
040 _aARTS
_cARTS
_bhin
041 _2hin
_ahin
082 _aV2:1.N, 152L1
100 _aबख्शी, मदुमलाल पुन्नालाल
_9160244
245 0 _aमेरा देश
246 _aMerā desha
260 _c1971
942 _hV2:1.N, 152L1
_cTEXL
_2CC
999 _c345318
_d345318